000 00648nam a22002057a 4500
003 OSt
005 20151202152146.0
008 130916t xxu||||| |||| 00| 0 eng d
020 _a1876659548
050 _aQA 43
_b.So691 2005
100 _aCirrito, Fabio
110 _aInternational Baccalaureate Organization.
_9203
245 _aSolutions manual for mathematics standard level
_cEdited by Fabio Cirrito
250 _a3rd ed.
_b2nd imprint
260 _aAustralia :
_bIBID Press,
_cc2005.
300 _a673 p. :
_bill. ;
_c25 cm.
650 _aMathematics
_xSolution
_xInternational Baccalaureate
_920231
942 _2lcc
_cBK
999 _c11436
_d11436